Kocourek Matýsek : pohádky pro děti, které mají potíže s porozuměním psanému a mluvenému slovu /
Kocourek Matýsek se potýká se zlým medvědem, který se usídlil v jeho chaloupce. První čtení doplněné systémem SPC pro lepší porozumění textu.
Uloženo v:
| Hlavní autor: | |
|---|---|
| Další autoři: | |
| Médium: | E-kniha |
| Jazyk: | Czech |
| Vydáno: |
V Brně :
Edika,
2017
|
| Vydání: | 1. vydání |
| Edice: | Moje první čtení (Edika)
|
| Témata: | |
| Tagy: |
Žádné tagy |
| LEADER | 03045nam a2200553 i 4500 | ||
|---|---|---|---|
| 001 | 310855 | ||
| 003 | CZ PrSKC | ||
| 005 | 20260601215655.0 | ||
| 007 | ta | ||
| 008 | 171114s2017 xr a b 000 j cze | ||
| 015 | |a cnb002955063 | ||
| 020 | |a 9788026611899 |q (vázáno) : |c Kč 199,00 | ||
| 035 | |a (OCoLC)1022794229 | ||
| 040 | |a OLA001 |b cze |e rda | ||
| 072 | 7 | |a 821-93 |x Literatura pro děti a mládež (beletrie) |2 Konspekt | |
| 080 | |a 821-32 |2 MRF | ||
| 080 | |a 821-93 |2 MRF | ||
| 080 | |a 316.772-028.82 |2 MRF | ||
| 080 | |a 003.628 |2 MRF | ||
| 080 | |a (0:82-32) |2 MRF | ||
| 100 | 1 | |a Hurtíková, Vlasta |7 mzk2013773166 |4 aut | |
| 245 | 1 | 0 | |a Kocourek Matýsek : |b pohádky pro děti, které mají potíže s porozuměním psanému a mluvenému slovu / |c Vlasta Hurtíková ; ilustroval Jiří Kaláček |
| 250 | |a 1. vydání | ||
| 264 | 1 | |a V Brně : |b Edika, |c 2017 | |
| 300 | |a 35 stran : |b barevné ilustrace ; |c 24 cm + |e 2 nečíslované listy vystřihovánek | ||
| 336 | |a text |b txt |2 rdacontent | ||
| 336 | |a statický obraz |b sti |2 rdacontent | ||
| 337 | |a bez média |b n |2 rdamedia | ||
| 338 | |a svazek |b nc |2 rdacarrier | ||
| 490 | 1 | |a Moje první čtení | |
| 500 | |a Listy s vystřihovánkami všity na konci publikace | ||
| 520 | 2 | |a Kocourek Matýsek se potýká se zlým medvědem, který se usídlil v jeho chaloupce. První čtení doplněné systémem SPC pro lepší porozumění textu. |b Kocourek Matýsek se jednoho dne vydá na ryby, aby si mohl uvařit rybí polévku, když se ale vrátí domů, zjistí, že v jeho domečku je medvěd, který ho vyžene. Matýsek se vydá hledat pomoc. Nejprve přivede býka, poté divočáka a nakonec vlka, ale ani jeden z jeho nových přátel si na medvěda netroufne. Zoufalý Matýsek si nakonec postěžuje malé včelce, která mu přislíbí pomoc. Povede se Matýskovi získat svůj domov zpět? Kniha doplněná o piktogramy je vhodná zvláště pro děti s PAS a dysfázií k rozvoji představivosti a čtenářských schopností. Nechybí ani šablona pro loutkové divadlo. | |
| 521 | 8 | |a Pro děti od 6 let | |
| 650 | 0 | 7 | |a alternativní a augmentativní komunikace |7 ph221973 |2 czenas |
| 650 | 0 | 7 | |a piktogramy |7 ph115726 |2 czenas |
| 650 | 0 | 9 | |a alternative and augmentative communication |2 eczenas |
| 650 | 0 | 9 | |a pictograms |2 eczenas |
| 655 | 7 | |a příběhy |7 fd133204 |2 czenas | |
| 655 | 7 | |a publikace pro děti |7 fd133156 |2 czenas | |
| 655 | 9 | |a stories |2 eczenas | |
| 655 | 9 | |a children's literature |2 eczenas | |
| 700 | 1 | |a Kaláček, Jiří |7 xx0133526 |4 ill | |
| 830 | 0 | |a Moje první čtení (Edika) | |
| 900 | |a ABA001 |b 19 | ||
| 928 | 9 | |a Albatros Media - Edika | |
| 044 | |a xr | ||
| 910 | |a RBIT002 | ||
| 998 | |d 176959 |a https://core.palmknihy.cz/api/books/176959/cover?p06pg9 |b https://core.palmknihy.cz/api/books/176959/cover/400?p06pg9 |c https://core.palmknihy.cz/api/books/176959/cover/50?p06pg9 |e 3999-12-31 |g 40 |i 9788026611899 |k https://core.palmknihy.cz/api/books/176959/preview.pdf |l |q 49 |r 1 |s https://www.palmknihy.cz/kniha/176959 |t ebook |y 2017 |z 0 | ||
| 999 | |d 310853 | ||